00726nam a2200229 a 45000010005000000030008000050050017000130080041000300350018000710400035000890410008001240820031001321000032001632450045001952600046002403000025002864900053003115000022003646500029003866500028004158300053004436112BD-RjUL20211208234204.0170103s1954 enk 000 0 eng d a(BD-RjUL)6151 aBD-RjULbengcBD-RjULdBD-RjUL aeng a398.20954133bELT 19542231 aElwin, Verrier,d1902-1964.10aTribal myths of Orissa /cVerrier Elwin. aLondon :bOxford University Press,c1954. alv, 700 p. ;c22 cm. aSpecimens of the oral literature of Middle India aIncludes indexes. 0aMythology, IndiczOrissa 0aHindu mythologyzOrissa 0aSpecimens of the oral literature of Middle India